000 00833cam a2200229 4500
001 WB3720-27
008 000000n2001 000 0 eng u
035 _a(Sirsi) u112739
245 _aParking spaces up for grabs
260 _c2001
490 _aSolicitors' Journal
_v145(19) 18 May 2001, 442(1)
520 _aThe CA ruling in "Hair v Gillman and Inskip" could mean that, where an existing lease is surrendered and a new lease granted, tenants who can prove they regularly used its off-street parking could have their right to a parking space registered as an easement to the property.
590 _aWB
650 _aEASEMENTS
650 _aHAIR V GILLMAN AND INSKIP
650 _aOFF-STREET PARKING
650 _aPARKING
650 _aPARKING SPACES
650 _aRIGHT TO BUY
690 _aPROPERTY
942 _n0
999 _c67126
_d67126